000 00269nam a22001097a 4500
041 _aENG
245 _aPublic Sector In India Changing Perspectibes
260 _aDelhi
_bAsian Institute Of Teansport Dev
_c1994
300 _a225
650 _aGAE (15)
856 _uGAE (15)
999 _c2977
_d2977